Aby Warburgs Theorie der Kultur : Detail und Sinnhorizont
Saved in:
| Main Author: | |
|---|---|
| Document Type: | Thesis Book |
| Language: | German |
| Published: |
Berlin
: Akademie Verlag
, 2002
|
| Subjects: | |
| Online Access: | Inhaltsverzeichnis Rezension Rezension Rezension Inhaltsverzeichnis |
| Related Items: | Rezensiert in:
[Rezension von: Bernd Villhauer, Aby Warburgs Theorie der Kultur] |
| Author Notes: | Bernd Villhauer |
| LEADER | 04617cam a2200961 c 4500 | ||
|---|---|---|---|
| 001 | 35678228X | ||
| 003 | DE-627 | ||
| 005 | 20260611225036.0 | ||
| 007 | tu | ||
| 008 | 021121s2002 gw ||||| m 00| ||ger c | ||
| 015 | |a 02,N49,0004 |2 dnb | ||
| 015 | |a 03,A08,0028 |2 dnb | ||
| 016 | 7 | |a 965591492 |2 DE-101 | |
| 020 | |a 3050036583 |9 3-05-003658-3 | ||
| 035 | |a (DE-627)35678228X | ||
| 035 | |a (DE-603)107271427 | ||
| 035 | |a (DE-576)100326455 | ||
| 035 | |a (DE-599)GBV35678228X | ||
| 035 | |a (OCoLC)1333307368 | ||
| 035 | |a (OCoLC)231971040 | ||
| 035 | |a (OCoLC)51223331 | ||
| 040 | |a DE-627 |b ger |c DE-627 |e rakwb | ||
| 041 | |a ger | ||
| 044 | |c XA-DE | ||
| 050 | 0 | |a N7483.W36 | |
| 084 | |a 01 |2 sdnb | ||
| 084 | |a 10 |2 sdnb | ||
| 084 | |a 46 |2 sdnb | ||
| 084 | |a 01 |a 10 |a 46 |2 sdnb | ||
| 084 | |a CC 6900 |2 rvk |0 (DE-625)rvk/17665: | ||
| 084 | |a LB 31000 |2 rvk |0 (DE-625)rvk/90528: | ||
| 084 | |a LH 63635 |2 rvk |0 (DE-625)rvk/94408: | ||
| 084 | |2 rvk |0 (DE-625)rvk17665 | ||
| 084 | |a NY 9000 |2 rvk |0 (DE-625)rvk/132375: | ||
| 084 | |a 02.01 |2 bkl | ||
| 084 | |a 10.00 |2 bkl | ||
| 084 | |a 15.07 |2 bkl | ||
| 084 | |a 20.01 |2 bkl | ||
| 084 | |a 20.06 |2 bkl | ||
| 090 | |a a | ||
| 100 | 1 | |a Villhauer, Bernd |d 1966- |0 (DE-588)120787660 |0 (DE-627)080887791 |0 (DE-576)292385420 |4 aut | |
| 245 | 1 | 0 | |a Aby Warburgs Theorie der Kultur |b Detail und Sinnhorizont |c Bernd Villhauer |
| 264 | 1 | |a Berlin |b Akademie Verlag |c 2002 | |
| 300 | |a XI, 162 S. |c 25 cm | ||
| 336 | |a Text |b txt |2 rdacontent | ||
| 337 | |a ohne Hilfsmittel zu benutzen |b n |2 rdamedia | ||
| 338 | |a Band |b nc |2 rdacarrier | ||
| 500 | |a Literaturverz. S. [149] - 156 | ||
| 502 | |a Zugl.: Jena, Univ., Diss., 1998 | ||
| 600 | 1 | 4 | |a Warburg, Aby <1866-1929> |x Views on culture |
| 655 | 7 | |a Hochschulschrift |0 (DE-588)4113937-9 |0 (DE-627)105825778 |0 (DE-576)209480580 |2 gnd-content | |
| 689 | 0 | 0 | |d p |0 (DE-588)11862914X |0 (DE-627)137813589 |0 (DE-576)209154268 |a Warburg, Aby |d 1866-1929 |2 gnd |
| 689 | 0 | 1 | |d s |0 (DE-588)4120627-7 |0 (DE-627)105775169 |0 (DE-576)209536705 |a Kulturtheorie |2 gnd |
| 689 | 0 | |5 DE-101 | |
| 751 | |a Jena |4 uvp | ||
| 787 | 0 | 8 | |i Rezensiert in |a Warnke, Martin, 1937 - 2019 |t [Rezension von: Bernd Villhauer, Aby Warburgs Theorie der Kultur] |d 2004 |w (DE-627)1919522867 |
| 856 | 4 | 2 | |u http://d-nb.info/965591492/04 |m B:DE-101 |q pdf/application |v 20161127003401 |x Verlag |3 Inhaltsverzeichnis |7 1 |
| 856 | 4 | 2 | |u https://swbplus.bsz-bw.de/bsz100326455rez.htm |m V:DE-576 |v 2005-06-06 |3 Rezension |7 1 |
| 856 | 4 | 2 | |u http://www.sehepunkte.de/2004/04/2287.html |m V:DE-576;X:Sehepunkte |q text/html |v 20180424122855 |3 Rezension |7 1 |
| 856 | 4 | 2 | |u http://scans.hebis.de/HEBCGI/show.pl?10727142_rez.pdf |m V:DE-576 |q application/pdf |3 Rezension |7 1 |
| 856 | 4 | 2 | |u http://scans.hebis.de/HEBCGI/show.pl?10727142_toc.pdf |m V:DE-605 |q application/pdf |3 Inhaltsverzeichnis |7 1 |
| 935 | |i sf | ||
| 935 | |i Blocktest | ||
| 936 | r | v | |a CC 6900 |b Abhandlungen zur Ästhetik und Kunstphilosophie |k Philosophie |k Systematische Philosophie |k Ästhetik und Kunstphilosophie |k Abhandlungen zur Ästhetik und Kunstphilosophie |0 (DE-627)1270699040 |0 (DE-625)rvk/17665: |0 (DE-576)200699040 |
| 936 | r | v | |a LB 31000 |b Methodologie und methoden-/theoriekritische Ansätze |k Sozial- und Kulturanthropologie. Empirische Kulturwissenschaft |k Theorie und Methodologie |k Methodologie und methoden-/theoriekritische Ansätze |0 (DE-627)1271914190 |0 (DE-625)rvk/90528: |0 (DE-576)201914190 |
| 936 | r | v | |a LH 63635 |b Warburg, Aby |k Kunstgeschichte |k Allgemeines. Allgemeine Kunstgeschichte |k Geschichte der Kunstwissenschaft |k Schriften über Kunsthistoriker |k Einzeldarstellungen (Autobiografien,Biografien, Festansprachen, Leichenreden, Nachrufe u. dergl.) |k Namen W |k Warburg, Aby |0 (DE-627)1271293307 |0 (DE-625)rvk/94408: |0 (DE-576)201293307 |
| 936 | r | v | |0 (DE-625)rvk17665 |
| 936 | r | v | |a NY 9000 |b Sammelbiografien |k Geschichte |k Geschichte der Juden |k Persönlichkeiten und Familiengeschichte |k Sammelbiografien |0 (DE-627)1271535858 |0 (DE-625)rvk/132375: |0 (DE-576)201535858 |
| 936 | b | k | |a 02.01 |j Geschichte der Wissenschaft und Kultur |0 (DE-627)106403168 |
| 936 | b | k | |a 10.00 |j Geisteswissenschaften allgemein: Allgemeines |0 (DE-627)106405543 |
| 936 | b | k | |a 15.07 |j Kulturgeschichte |0 (DE-627)181569620 |
| 936 | b | k | |a 20.01 |j Geschichte der Kunstwissenschaften |0 (DE-627)106406485 |
| 936 | b | k | |a 20.06 |j Kunstphilosophie |j Kunsttheorie |0 (DE-627)10641433X |
| 936 | s | n | |a c100 |2 mzub |
| 936 | s | n | |a l100 |2 mzub |
| 936 | s | n | |a l300 |2 mzub |
| 936 | s | n | |a n100 |2 mzub |
| 936 | s | n | |a a100 |2 mzub |
| 951 | |a BO | ||
| 990 | |a Warburg, Aby | ||
| 990 | |a Kulturtheorie | ||
| 991 | |a Rezensiertes Werk | ||
| 999 | |a KXP-PPN35678228X |e 4988423506 | ||


